Behavioural economics of organization: employees and managers
Prehľad empirických dôkazov o behaviorálnej organizačnej ekonómii na základe rozšíreného štandardného modelu správania sa pracovníkov - štyri štylizované rozšírenia.
Na minha lista:
| Autor principal: | |
|---|---|
| Outros Autores: | |
| Formato: | Capítulo de Livro |
| Idioma: | inglês |
| Assuntos: | |
| Tags: |
Sem tags, seja o primeiro a adicionar uma tag!
|
MARC
| LEADER | 00000naa a2200000 4500 | ||
|---|---|---|---|
| 001 | 0229257 | ||
| 005 | 20220719115427.8 | ||
| 041 | 0 | |a eng | |
| 044 | |a CZ | ||
| 245 | 1 | 0 | |a Behavioural economics of organization: employees and managers |c Petr Houdek, Petr Koblovský |
| 520 | |a Prehľad empirických dôkazov o behaviorálnej organizačnej ekonómii na základe rozšíreného štandardného modelu správania sa pracovníkov - štyri štylizované rozšírenia. | ||
| 610 | 2 | 0 | |a organizácia |
| 610 | 2 | 0 | |a ekonómia behaviorálna |
| 610 | 2 | 0 | |a riadenie ľudských zdrojov |
| 610 | 2 | 0 | |a zamestnanci |
| 610 | 2 | 0 | |a manažéri |
| 610 | 2 | 0 | |a zamestnávatelia |
| 610 | 2 | 0 | |a riaditelia |
| 610 | 2 | 0 | |a rozhodovanie |
| 610 | 2 | 0 | |a motivácia |
| 610 | 2 | 0 | |a motivácia pracovná |
| 610 | 2 | 0 | |a mzdy |
| 610 | 2 | 0 | |a práca |
| 610 | 2 | 0 | |a experimenty |
| 610 | 2 | 0 | |a kultúra podniková |
| 610 | 2 | 0 | |a zmluvy pracovné |
| 610 | 2 | 0 | |a reciprocita |
| 610 | 2 | 0 | |a preferencie |
| 100 | 1 | |a Houdek, Petr | |
| 700 | 1 | |a Koblovský, Petr | |